| 000 | 00000nam##2200000za#4500 |
| 001 | 9.608014 |
| 003 | CaOODSP |
| 005 | 20210624213420 |
| 007 | cr ||||||||||| |
| 008 | 150406|2004||||xxc|||||o f|0| 0 fre|d |
| 040 | |aCaOODSP|bfre |
| 043 | |an-cn--- |
| 086 | 1 |aNH18-22/104-114F-PDF |
| 110 | 2 |aSociété canadienne d'hypothèques et de logement. |
| 245 | 10|aExamen des plaintes déposées contre les inspecteurs en bâtiment |h[ressource électronique] |
| 250 | |aRévision 2005, 2009 |
| 260 | |aOttawa - Ontario : |bSociété canadienne d'hypothèques et de logement |cc2004, 2005, 2009. |
| 300 | |a6p.|btableau |
| 490 | 1 |aLe point en recherche. Série technique |v04-114 |
| 500 | |aFichier reproduit à partir de l'original imprimé. |
| 590 | |a14-20-Supp|b2014-11-25 |
| 775 | 08|tInvestigating claims against home and property inspectors |w(CaOODSP)9.581166 |
| 776 | 0#|tExamen des plaintes déposées contre les inspecteurs en bâtiment |w(CaOODSP)9.626685 |
| 830 | #0|aLe point en recherche. Série technique ;|v04-114|w(CaOODSP)9.501067 |
| 856 | 40|ahttp://publications.gc.ca|qPDF|s134 Ko|uhttps://publications.gc.ca/collections/collection_2014/schl-cmhc/NH18-22-104-114-fra.pdf|y04-114 |